000167533 001__ 167533
000167533 005__ 20260121151438.0
000167533 037__ $$aTAZ-TFG-2025-010
000167533 041__ $$aspa
000167533 1001_ $$aPeloche López, Pedro
000167533 24200 $$aAlhucemas 1925, potential fitting of an anachronistic aerial jump operation in battle: Normandy 1944
000167533 24500 $$aAlhucemas 1925, potencial encaje de una anacrónica operación de asalto aéreo en la batalla: Normandía 1944
000167533 260__ $$aZaragoza$$bUniversidad de Zaragoza$$c2025
000167533 506__ $$aby-nc-sa$$bCreative Commons$$c3.0$$uhttp://creativecommons.org/licenses/by-nc-sa/3.0/
000167533 520__ $$aLa idea del presente trabajo ha sido combinar el estudio de una operación militar tan importante en la historia de los desembarcos y enfrentamiento clave en la Guerra del Rif como fue el desembarco de Alhucemas en 1925 con la hipótesis de como habría influido una operación aerotransportada mediante inserción paracaidista en el conflicto, aun sabiendo que los medios técnicos no lo permitían en esas fechas. Es decir, se ha llevado a cabo análisis contrafactual de la batalla considerando unos medios que tardarían años en llegar para estudiar las implicaciones y las potenciales consecuencias que hubieran tenido en el combate desde un punto de vista táctico y operacional. A tal fin, se ha estudiado el contexto histórico y militar del desembarco, las capacidades y limitaciones de los medios técnicos de la época se han tenido en consideración, y se ha planteado un escenario alternativo para ver si esta maniobra sería viable y cuál sería su impacto en el desarrollo de la batalla. A su vez, se ha tomado también como ejemplo “futuro” el desembarco en Normandía en 1944, el cual se planeó y ejecutó tras identificar las lecciones aprendidas del desembarco naval en Alhucemas, sentando de esta manera un precedente en la evolución de las operaciones conjunto-combinadas y en las tácticas moderna de asalto anfibio. En la redacción de la memoria, han sido utilizadas metodologías mayoritariamente cualitativas para dar contexto a los escenarios planteados, examinando los componentes tácticos, estratégicos, logísticos y de doctrina que sostienen la hipótesis. Para ello, se ha hecho uso de herramientas tales como la revisión de literatura histórica a través de documentación y archivos civiles y militares, publicaciones doctrinales actuales y de la época sobre operaciones de asalto aéreo y operaciones aerotransportadas, así como artículos libros y revistas de la historia militar española.<br /><br />
000167533 521__ $$aGraduado en Ingeniería de Organización Industrial
000167533 540__ $$aDerechos regulados por licencia Creative Commons
000167533 691__ $$a0
000167533 692__ $$a
000167533 700__ $$aAlares López, Gustavo$$edir.
000167533 700__ $$aSan Miguel López, Iván$$edir.
000167533 7102_ $$aUniversidad de Zaragoza$$b $$c
000167533 8560_ $$f837074@unizar.es
000167533 8564_ $$s2663642$$uhttps://zaguan.unizar.es/record/167533/files/TAZ-TFG-2025-010.pdf$$yMemoria (spa)
000167533 909CO $$ooai:zaguan.unizar.es:167533$$pdriver$$ptfg-tfm-cud$$ptrabajos-fin-grado
000167533 950__ $$a
000167533 951__ $$adeposita:2026-01-21
000167533 980__ $$aTAZ$$bTFG$$cCUD
000167533 999__ $$a20250104200629.CREATION_DATE